000 00390nam a2200157 a 4500
001 5274
003 CO-ViMGA
008 141112s2004 ck r 000 u spa d
040 _aCO-ViMGA
_bspa
_cCO-ViMGA
082 0 4 _aBUEd
245 1 0 _aBuenas noches, querido Dios
260 _aMexico :
_bFernández,
_c1991
300 _a(16 p) : il
650 1 4 _aCUENTOS INFANTILES
_92743
942 _2ddc
_cBK
999 _c17271
_d17271